<?xml version="1.0" encoding="UTF-8"?><?xml-stylesheet type="text/xsl" href="static/style.xsl"?><OAI-PMH xmlns="http://www.openarchives.org/OAI/2.0/" xmlns:xsi="http://www.w3.org/2001/XMLSchema-instance" xsi:schemaLocation="http://www.openarchives.org/OAI/2.0/ http://www.openarchives.org/OAI/2.0/OAI-PMH.xsd"><responseDate>2026-04-17T07:59:33Z</responseDate><request verb="GetRecord" identifier="oai:www.recercat.cat:10230/69201" metadataPrefix="marc">https://recercat.cat/oai/request</request><GetRecord><record><header><identifier>oai:recercat.cat:10230/69201</identifier><datestamp>2025-12-18T01:06:08Z</datestamp><setSpec>com_2072_6</setSpec><setSpec>col_2072_452952</setSpec></header><metadata><record xmlns="http://www.loc.gov/MARC21/slim" xmlns:dcterms="http://purl.org/dc/terms/" xmlns:xsi="http://www.w3.org/2001/XMLSchema-instance" xmlns:doc="http://www.lyncode.com/xoai" xsi:schemaLocation="http://www.loc.gov/MARC21/slim http://www.loc.gov/standards/marcxml/schema/MARC21slim.xsd">
   <leader>00925njm 22002777a 4500</leader>
   <datafield ind2=" " ind1=" " tag="042">
      <subfield code="a">dc</subfield>
   </datafield>
   <datafield ind2=" " ind1=" " tag="720">
      <subfield code="a">Vidal-Coso, Elena</subfield>
      <subfield code="e">author</subfield>
   </datafield>
   <datafield ind2=" " ind1=" " tag="720">
      <subfield code="a">Miret Gamundi, Pau</subfield>
      <subfield code="e">author</subfield>
   </datafield>
   <datafield ind2=" " ind1=" " tag="260">
      <subfield code="c">2025-01-21T07:27:23Z</subfield>
   </datafield>
   <datafield ind2=" " ind1=" " tag="260">
      <subfield code="c">2025-01-21T07:27:23Z</subfield>
   </datafield>
   <datafield ind2=" " ind1=" " tag="260">
      <subfield code="c">2014</subfield>
   </datafield>
   <datafield ind2=" " ind1=" " tag="520">
      <subfield code="a">Background: In Spain, foreign-born women are disproportionately employed in housework or care work, and quantitative research has shown that female migrants are disadvantaged relative to male migrants in the occupational status of their first job in Spain. However, the process that created this female penalty has not yet been explored. Objective: In this paper, we focus on female occupational mobility at migration and during settlement in Spain. First, we compare female and male labour mobility at migration. Second, we identify the main socio-demographic factors which increase the likelihood that the first job a foreign-born woman holds in Spain will be as a cleaner or a domestic worker. Third, we investigate female labour mobility from the time of migration, particularly trajectories that lead away from the cleaning and domestic occupations, and consider the importance of the assimilation process in occupational mobility. Methods: We apply quantitative methods to Spain’s 2007 National Immigrant Survey (Encuesta Nacional de Inmigrantes), using descriptive (mobility matrixes) and simple and multinomial logistic regression analyses. We include the main socio-demographic, family, and migratory characteristics of immigrants in the explanatory models. Results: The results of our analysis revealed that female migrants to Spain are more likely than their male counterparts to experience occupational downgrading at the time of migration, and that 41.6% of women work in domestic services in their first job in Spain. Finally, our results have demonstrated that, although occupational immobility is common among female migrants in Spain, movement out of domestic services is possible, especially for the most assimilated immigrant women. Conclusions: This paper contextualises female immigration in Spain, attributing the labour market choices made by female migrants to the externalisation of domestic and cleaning occupations in private households, and to the gender segmentation of the labour market.</subfield>
   </datafield>
   <datafield ind2=" " ind1=" " tag="520">
      <subfield code="a">This research has received economic support from the 2010 R+D Programme of the Spanish Ministry of Sciences and Innovation for the “Labour market dynamic and family formation in Spain during the turn of the century” (Dinámica del mercado de trabajo y formación familiar en España durante el cambio de siglo) / (Reference CSO2010-21028/SOCI) and the “Multiple Equilibrium Analysis of Family” (Análisis de multiples equilibrios en la familia) / (Reference CSO2010-19062/SOCI) projects.</subfield>
   </datafield>
   <datafield tag="653" ind2=" " ind1=" ">
      <subfield code="a">Domestic migration</subfield>
   </datafield>
   <datafield tag="653" ind2=" " ind1=" ">
      <subfield code="a">Human capital</subfield>
   </datafield>
   <datafield tag="653" ind2=" " ind1=" ">
      <subfield code="a">Immigration</subfield>
   </datafield>
   <datafield tag="653" ind2=" " ind1=" ">
      <subfield code="a">Labor mobility</subfield>
   </datafield>
   <datafield tag="653" ind2=" " ind1=" ">
      <subfield code="a">Length of residency</subfield>
   </datafield>
   <datafield tag="653" ind2=" " ind1=" ">
      <subfield code="a">Social capital</subfield>
   </datafield>
   <datafield tag="653" ind2=" " ind1=" ">
      <subfield code="a">Spain</subfield>
   </datafield>
   <datafield ind2="0" ind1="0" tag="245">
      <subfield code="a">The labour trajectories of immigrant women in Spain: are there signs of upward social mobility?</subfield>
   </datafield>
</record></metadata></record></GetRecord></OAI-PMH>